00491nam a2200193 a 4500001001300000003000900013005001700022008004100039020001000080082001500090100002500105245004100130260003300171300000900204500003500213505001100248650001300259700002500272nice12345678IN_TiNIC20260116014750.0071115s2007 dela grp 000 0 eng  ac79500a305.4bSIN aSingh, Chandra Nisha aRadical Feminism and Women`s Writing aDELHI bATLANTIC PUB. c2007 a456p aincludes index and biblioraphy2 abiblio aFeminism1 aSingh, Chandra Nisha